LEADER 01547nam0-22004211i-450- 001 990001237620403321 005 20070607131810.0 010 $a0-8218-0604-1 035 $a000123762 035 $aFED01000123762 035 $a(Aleph)000123762FED01 035 $a000123762 100 $a20001205d1997----km-y0itay50------ba 101 0 $aeng 200 1 $aOptimization methods in partial differential equations$eproceedings from the 1996 joint summer research conference, june 16-20, 1996, Mount Holyoke College$fSteven Cox, Irena Lasiecka editors 210 $aProvidence (RI)$cAmerican Mathematical Society$dc1997 215 $aix, 349 p.$cill.$d26 cm 225 1 $aContemporary mathematics$v209 610 0 $aEquazioni differenziali alle derivate parziali$aSoluzioni numeriche - congressi 610 0 $aCalcolo delle variazioni e controllo ottimale$aCongressi 610 0 $aOttimizzazione matematica$aCongressi 610 0 $aTeoria dei sistemi$aCongressi 610 0 $aAnalisi numerica$aCongressi 676 $a515.353 702 1$aCox,$bSteven 702 1$aLasiecka,$bIrena 712 11$aAMS-SIAM 1996, Joint Summer Research Conference, Mount Holyoke College, South Hadley, Massachusetts, 16-20 june, 1996 801 0$aIT$bUNINA$gRICA$2UNIMARC 901 $aBK 912 $a990001237620403321 952 $aC-1-(209$b15824$fMA1 959 $aMA1 962 $a35-06 962 $a49-06 962 $a93-06 962 $a65-06 996 $aOptimization methods in partial differential equations$9382458 997 $aUNINA LEADER 01083nam a22002531i 4500 001 991002080859707536 005 20060328 008 070124|2003 it | | |||ita 035 $ab1347277x-39ule_inst 040 $aDip.to Beni Arti e Storia$bita 100 $aBandirali , Luca$0473207 245 10$aMusica per l'immagine /$cLuca Bandirali ; composizioni a cura di Sandro Di Stefano 260 $a[Torrice] :$bEditrice Net Art Company,$c[2003] 300 $a91 p. :$bill. ;$c18 cm. 500 $aSul front.: conversazioni con Ennio Morricone, Nicola Piovani, Riccardo Giagni. 650 $aCinema$xMusica 700 $aDi Stefano, Sandro 907 $a.b1347277x$b02-04-07$c24-01-07 912 $a991002080859707536 945 $aLE019 A22 MUS C 4$g1$i2019000014182$lle019$o-$pE0.00$q-$rl$s- $t0$u4$v0$w4$x0$y.i14353386$z24-01-07 945 $aLE019 A24 MUS E 32$g2$i2019000023405$lle019$o-$pE0.00$q-$rl$s- $t0$u3$v0$w3$x0$y.i14415380$z02-04-07 996 $aMusica per l'immagine$93369516 997 $aUNISALENTO 998 $ale019$b24-01-07$cm$da $e-$fita$git $h0$i0 LEADER 04942nam 2200673Ia 450 001 9910785161403321 005 20230725024906.0 010 $a1-282-78403-X 010 $a9786612784033 010 $a3-11-022438-0 024 7 $a10.1515/9783110224382 035 $a(CKB)2670000000044220 035 $a(EBL)584975 035 $a(OCoLC)759968822 035 $a(SSID)ssj0000426971 035 $a(PQKBManifestationID)11286976 035 $a(PQKBTitleCode)TC0000426971 035 $a(PQKBWorkID)10389943 035 $a(PQKB)10556332 035 $a(MiAaPQ)EBC584975 035 $a(DE-B1597)38087 035 $a(OCoLC)774132928 035 $a(DE-B1597)9783110224382 035 $a(Au-PeEL)EBL584975 035 $a(CaPaEBR)ebr10415702 035 $a(CaONFJC)MIL278403 035 $a(EXLCZ)992670000000044220 100 $a20100520d2010 uy 0 101 0 $ager 135 $aur||||||||||| 181 $ctxt 182 $cc 183 $acr 200 00$aReligion in bioethischen Diskursen$b[electronic resource] $einterdisziplina?re, internationale und interreligio?se Perspektiven /$fherausgegeben von Friedemann Voigt 210 $aBerlin ;$aNew York $cDe Gruyter$dc2010 215 $a1 online resource (345 p.) 300 $aProceedings of a meeting held in Feb. 2009 at the Universita?t Mu?nchen. 311 $a3-11-022437-2 320 $aIncludes bibliographical references and indexes. 327 $tFrontmatter -- $tInhaltsverzeichnis -- $tVorwort -- $tReligion in bioethischen Diskursen. Perspektiven der Forschung -- $tReligion in der Medizin: Ihre Rolle aus der Sicht der Medizin und der medizinischen Ethik -- $tBioethische Diskurse zwischen Recht, Ethik und Religion. Juristische Perspektiven - Zum Einfluss der Religion in bioethischen Beratungsgremien -- $tReligion in der Bioethik: Theologische Perspektiven -- $tThe Paradox of Jewish Bioethics in Israel: The Case of Reproductive Technologies -- $tBioethische Fragen in Bulgarien aus orthodoxer Sicht -- $tReligion in den bioethischen Diskursen Österreichs -- $tReligion in Norwegian Bioethical Discourse -- $tReligion in den bioethischen Diskursen Deutschlands -- $tReligion und Theologie in bioethischen Kommissionen. Eine Untersuchung zu Berufstheologen in ethischen Diskursen -- $tIslamische Bioethik: Determinanten und Elemente der Meinungsbildung und Entscheidungsfindung -- $tJüdische Perspektiven auf bioethische Fragestellungen und ihre Rolle in bioethischen Diskursen in Deutschland -- $tChristliche Bioethik in Europa -- $tBackmatter 330 $aDie Bedeutung von Religion in bioethischen Diskursen hat in den letzten Jahren große Aufmerksamkeit erfahren. Unter diesem Stichwort verbirgt sich ein ganzes Bündel unterschiedlicher Probleme. Es geht dabei sowohl um den Einfluss, den die Kirchen und religiöse Akteure auf politische Entscheidungsprozesse nehmen, als auch um die religiöse Prägung von Mentalitäten, Argumentationen und Begriffen.Obwohl sich häufig auf dieselben Texte und dieselben theologischen Traditionen berufen wird, ergeben sich große Unterschiede in der Bewertung konkreter gegenwärtiger Herausforderungen wie etwa der Stammzellforschung oder der Sterbehilfe im internationalen und interreligiösen Vergleich. Es wird deutlich, dass für die Frage nach der Religion in bioethischen Diskursen die Einbindung in die jeweilige kulturelle Debattenlage von großer Bedeutung ist. Der Aufklärung dieses Zusammenhangs von Religion und Bioethik dient der Band. Die Beiträge zeigen in unterschiedlicher disziplinärer und methodischer Annäherung die Verflechtungen von Religion und Bioethik in unterschiedlichen Ländern (Europa und Israel) mit unterschiedlichen religiösen Landschaften. Auch wird danach gefragt, wie auf diesem divergenten kulturellen Hintergrund gemeinsame Perspektiven der Bioethik zu entwickeln sind. 330 $aIn recent years religion has become a key aspect in the bioethical discourse and can encompass a wide range of different issues. These include the impact of churches and religious leaders on political decision-making processes as well as the religious character of different mentalities, lines of argumentation und concepts. In an interreligious and international comparison, this book investigates how religion and bioethics are intricately interwoven. 606 $aMedical ethics$xReligious aspects$vCongresses 606 $aBioethics$xReligious aspects$vCongresses 610 $aBioethics. 610 $aDiscourse Analysis. 610 $aReligion. 615 0$aMedical ethics$xReligious aspects 615 0$aBioethics$xReligious aspects 676 $a174.2 686 $a200$a100$a610$2GyFmDB 701 $aVoigt$b Friedemann$01533534 801 0$bMiAaPQ 801 1$bMiAaPQ 801 2$bMiAaPQ 906 $aBOOK 912 $a9910785161403321 996 $aReligion in bioethischen Diskursen$93780566 997 $aUNINA